Bezos I - Bo Burnham - All Lyrics - Statistics

General Stats
  • This quiz has been taken 143 times
  • The average score is 60 of 68
Answer Stats
Answer % Correct
Jeff,
99%
Bezos
97%
Bezos
97%
you
97%
you
97%
you
97%
in
96%
in
96%
Jeffrey,
96%
Jeffrey
96%
Jeffrey,
96%
Jeffrey
96%
Jeffrey,
96%
on,
95%
on,
95%
can
94%
can
94%
Come
94%
Come
94%
do
94%
it
94%
it
94%
it
94%
the
94%
1964
92%
1964
92%
Born
92%
Born
92%
your
90%
put
89%
back
88%
CEO,
88%
CEO,
88%
into
88%
their
88%
their
88%
from,
87%
Look
87%
look
87%
now
87%
wives,
87%
at
86%
at
86%
Fuck
86%
where
86%
came
85%
entrepreneur
85%
entrepreneur
85%
how
85%
Tell
85%
us
85%
us
85%
why,
85%
show
84%
suck
83%
and
82%
and
82%
drink
81%
fuckin'
81%
get
81%
way,
81%
Zuckerberg
81%
blood
80%
'em!
78%
Amateurs
77%
Gates
77%
Pave
77%
Buffett
72%
No matching quizzes found
Score Distribution
Percent of People with Each Score
Percentile by Number Answered
Your Score History
You have not taken this quiz